Statistics for Pi Digits #19 1701-1800

Click here to take the quiz!

General Stats

  • This quiz has been taken 145 times
  • The average score is 11 of 20

Answer Stats

Digits% Correct
45477
100%
62416
67%
02542
56%
22184
56%
27255
56%
56209
56%
56887
56%
67179
56%
69485
56%
86251
56%
89835
56%
92192
56%
01653
44%
04946
44%
27232
44%
46680
44%
49886
44%
60857
44%
79178
44%
84383
44%

Score Distribution

Percentile by Number Answered

Percent of People with Each Score

Your Score History

You have not taken this quiz